Consenso para el desarrollo (Registro nro. 5084)
[ vista simple ]
| 000 -LEADER | |
|---|---|
| fixed length control field | 01770 a2200301 4500 |
| 001 - CONTROL NUMBER | |
| control field | 53101 |
| 005 - DATE AND TIME OF LATEST TRANSACTION | |
| control field | 20260407155804.0 |
| 008 - FIXED-LENGTH DATA ELEMENTS--GENERAL INFORMATION | |
| fixed length control field | 260407a2010 arg spa d |
| 003 - CONTROL NUMBER IDENTIFIER | |
| control field | AR-UNSa-BCEJYS |
| 040 ## - CATALOGING SOURCE | |
| Original cataloging agency | AR-UNSa-BCEJYS |
| Language of cataloging | spa |
| Transcribing agency | AR-UNSa-BCEJYS |
| 080 ## - UNIVERSAL DECIMAL CLASSIFICATION NUMBER | |
| Universal Decimal Classification number | 321 |
| Common auxiliary subdivision | Formas de la organización política. Los estados como poderes políticos |
| 020 ## - INTERNATIONAL STANDARD BOOK NUMBER | |
| International Standard Book Number | 978-987-507-351-7 |
| 041 ## - LANGUAGE CODE | |
| Language code of text/sound track or separate title | spa |
| 100 1# - MAIN ENTRY--PERSONAL NAME | |
| Personal name | Dromi, José Roberto |
| 245 10 - TITLE STATEMENT | |
| Title | Consenso para el desarrollo |
| Name of part/section of a work | polìticas de estado, contrato social de garantìa y pertenencia |
| 264 #1 - PRODUCTION, PUBLICATION, DISTRIBUTION, MANUFACTURE, AND COPYRIGHT NOTICE | |
| Place of production, publication, distribution, manufacture | Buenos Aires : |
| Name of producer, publisher, distributor, manufacturer | Ciudad Argentina |
| Date of production, publication, distribution, manufacture, or copyright notice | 2010 |
| 300 ## - PHYSICAL DESCRIPTION | |
| Extent | 100 p. |
| Dimensions | 22 cm. |
| 505 ## - FORMATTED CONTENTS NOTE | |
| Formatted contents note | 1. Un contrato social para Argentina - 2. Del concenso vinculante - 3. Política del estado en educación, salud , trabajo e inclusión social - 4. Política de estado en seguridad, justicia y defensa - 5. Política de estado en relaciones internacionales e integración - 6. Política de estado en economía, hacienda y finanzas - 7. Política de estado en producción , industria, infraestructura, ambiente, energía, transporte y servicios - 8. Política de estado en regiones, provincias y municipios - 9. Política de estado en información y comunicación - 10. De la dinámica y ejecución de las políticas de estado - 11. De la auditoría y control de la eficacia de las políticas de estado - 12. Síntesis gráfica |
| 590 ## - LOCAL NOTE (RLIN) | |
| Local note | niveau_biblio:m niveau_hierar:0 |
| 700 1# - ADDED ENTRY--PERSONAL NAME | |
| Personal name | Caro Figueroa, José Armando |
| 700 1# - ADDED ENTRY--PERSONAL NAME | |
| Personal name | Delich, Andrés |
| 700 1# - ADDED ENTRY--PERSONAL NAME | |
| Personal name | Fernández, Roque B. |
| 700 1# - ADDED ENTRY--PERSONAL NAME | |
| Personal name | Jaunarena, Horacio |
| 700 1# - ADDED ENTRY--PERSONAL NAME | |
| Personal name | Vanossi, Jorge Reinaldo A. |
| 700 1# - ADDED ENTRY--PERSONAL NAME | |
| Personal name | Schmidt, Fernando Lucero |
| 856 41 - ELECTRONIC LOCATION AND ACCESS | |
| Uniform Resource Identifier | <a href="https://www.biblioeco.unsa.edu.ar/pmb/images/libros/L128449.jpg">https://www.biblioeco.unsa.edu.ar/pmb/images/libros/L128449.jpg</a> |
| Link text | Imagen de portada |
| Electronic format type | image/jpeg |
| 942 ## - ADDED ENTRY ELEMENTS (KOHA) | |
| Koha item type | |
| Withdrawn status | Lost status | Damaged status | Not for loan | Home library | Current library | Shelving location | Date acquired | Total checkouts | Full call number | Barcode | Date last seen | Price effective from | Koha item type |
|---|---|---|---|---|---|---|---|---|---|---|---|---|---|
| Biblioteca Prof. Eusebio Cleto del Rey | Biblioteca Prof. Eusebio Cleto del Rey | 07/04/2026 | 321 D786 | L128449 | 07/04/2026 | 07/04/2026 | Libro |